[Event "EYCC Open U14 2018"]
[Site "Riga"]
[Date "2018.08.22"]
[Round "3"]
[White "Kochavi, Ori"]
[Black "Morgunov, Marc"]
[Result "0-1"]
[WhiteElo "2138"]
[BlackElo "2373"]
[Annotator "NA"]
[PlyCount "76"]
[EventDate "2018.08.20"]
[EventType "swiss"]
[EventCountry "LAT"]
[SourceTitle "playchess.com"]
[Source "ChessBase"]
[SourceQuality "1"]
[TimeControl "40/5400+30:1800+30"]

1. e4 {[%emt 0:00:00]} e5 {[%emt 0:00:00]} 2. Nf3 {[%emt 0:00:00]} Nc6 {[%emt 0:00:00]} 3. Bb5 {[%emt 0:00:02]} a6 {[%emt 0:00:00]} 4. Ba4 {[%emt 0:00:07]} Nf6 {[%emt 0:00:04]} 5. d3 {[%emt 0:00:05]} d6 {[%emt 0:00:09]} 6. c3 {[%emt 0:01:03]} g6 {[%emt 0:00:09]} 7. O-O Bg7 8. h3 {[%emt 0:01:03] C77: Ruy Lopez: 3...a6 4 Ba4 Nf6, unusual lines} (8. Nbd2 O-O 9. Re1 Nd7 10. Nf1 Nc5 11. Bxc6 bxc6 12. d4 exd4 13. cxd4 Ne6 14. Ng3 c5 15. dxc5 Nxc5 16. Bg5 Qe8 17. Qd2 Bg4 18. Bh6 Bxf3 19. Bxg7 Kxg7 20. gxf3 {1-0 (52) Anand,V (2759)-Caruana,F (2816) Leuven 2018}) 8... O-O {[%emt 0:06:17]} 9. Be3 {[%emt 0:00:55]} h6 {[%emt 0:02:03]} 10. Nbd2 {[%emt 0:00:12]} Re8 {[%emt 0:03:36]} 11. Re1 {[%emt 0:11:55] LiveBook: 7 Games} d5 {[%emt 0:00:13]} 12. Bc5 $146 {[%emt 0:03:58]} ({Predecessor:} 12. exd5 Nxd5 13. Bxc6 bxc6 14. Qa4 Bf5 15. Ne4 Rb8 16. Rab1 Nb6 17. Qc2 {½-½ (40) Zhao,J (2599)-Wang,H (2713) Hanoi 2018}) 12... b5 {[%emt 0:05:55]} 13. Bc2 {[%emt 0:05:49]} Nd7 {[%emt 0:02:54]} 14. Nb3 {[%emt 0:03:46]} Nxc5 {[%emt 0:03:16]} 15. Nxc5 {[%emt 0:00:06]} d4 {[%emt 0:00:07]} 16. Rc1 {[%emt 0:09:31]} Qd6 {[%emt 0:04:31]} 17. cxd4 {[%emt 0:00:42]} Nxd4 {[%emt 0:02:57]} 18. b4 {[%emt 0:04:53]} a5 {[%emt 0:04:16]} 19. Nxd4 {[%emt 0:01:27]} Qxd4 {[%emt 0:02:35]} 20. Bb3 {[%emt 0:00:20]} axb4 {[%emt 0:01:09]} 21. Bd5 {[%emt 0:02:58]} Ra3 {[%emt 0:03:26]} 22. Nb3 {[%emt 0:18:30]} Qa7 {[%emt 0:01:46]} 23. Rc6 {[%emt 0:04:48]} Be6 {[%emt 0:03:24]} 24. Bxe6 {[%emt 0:00:30]} Rxe6 {[%emt 0:00:07]} 25. Rxe6 $17 {[%emt 0:00:54]} fxe6 {[%emt 0:00:08]} 26. Qg4 {[%emt 0:00:28]} Kh7 {[%emt 0:01:12]} 27. Qxe6 {[%emt 0:05:22]} Rxa2 {[%emt 0:01:20]} 28. Re3 {[%emt 0:00:39]} Ra6 {[%emt 0:01:18]} 29. Qe7 {[%emt 0:00:11]} c5 {[%emt 0:08:22]} 30. Qxa7 {[%emt 0:04:16]} Rxa7 {[%emt 0:00:06]} 31. Nxc5 {[%emt 0:00:06]} Rc7 {[%emt 0:00:06]} 32. Nb3 {[%emt 0:00:07]} Rc3 {[%emt 0:00:10]} 33. d4 {[%emt 0:00:04]} exd4 {[%emt 0:00:16]} 34. Rxc3 {[%emt 0:00:06]} bxc3 {[%emt 0:00:16]} 35. Kf1 {[%emt 0:00:04]} d3 {[%emt 0:02:44]} 36. Ke1 {[%emt 0:00:43]} b4 {[%emt 0:00:09]} 37. Kd1 {[%emt 0:00:39]} h5 {[%emt 0:03:33]} 38. Nc5 {[%emt 0:00:10]} c2+ {[%emt 0:00:09]} 0-1

[Event "EYCC Open U14 2018"]
[Site "Riga"]
[Date "2018.08.22"]
[Round "3"]
[White "Antonica, Dragos Andrei"]
[Black "Kacharava, Nikolozi"]
[Result "0-1"]
[WhiteElo "2113"]
[BlackElo "2361"]
[Annotator "NA"]
[PlyCount "88"]
[EventDate "2018.08.20"]
[EventType "swiss"]
[EventCountry "LAT"]
[SourceTitle "playchess.com"]
[Source "ChessBase"]
[SourceQuality "1"]
[TimeControl "40/5400+30:1800+30"]

1. d4 {[%emt 0:00:00]} d6 {[%emt 0:00:00]} 2. e4 {[%emt 0:00:00]} Nf6 {[%emt 0:00:00]} 3. Nc3 {[%emt 0:00:00]} g6 {[%emt 0:00:23]} 4. g3 {[%emt 0:02:28]} Bg7 {[%emt 0:00:50]} 5. Bg2 {[%emt 0:00:31]} O-O {[%emt 0:00:16]} 6. Nf3 {[%emt 0:07:04]} c6 {[%emt 0:00:36]} 7. O-O {[%emt 0:01:32]} Nbd7 {[%emt 0:00:26]} 8. e5 {[%emt 0:05:43] A49: Königsindisch (ohne c2-c4)} dxe5 {[%emt 0:00:33] LiveBook: 4 Games} 9. dxe5 {[%emt 0:00:01]} Ng4 {[%emt 0:00:39]} (9... Nd5 10. Nxd5 cxd5 11. Qxd5 Nxe5 12. Nxe5 Qxd5 13. Bxd5 Bxe5 14. Re1 Bf6 15. c3 Rd8 {1-0 (74) Zarkua,D (2437)-Guliev,L (2367) Corum 2016}) 10. e6 $1 {[%emt 0:00:24]} fxe6 {[%emt 0:00:15]} 11. h3 $146 {[%emt 0:07:33]} ({Vorgänger:} 11. Qe2 Ndf6 12. Ng5 Qb6 13. h3 Nh6 14. Nxe6 Bxe6 15. Qxe6+ Nf7 16. Qxe7 {1-0 (37) Mrna,V (2150)-Drabek,M (2095) Czechia 2005}) 11... Nge5 {[%emt 0:06:13]} 12. Ng5 {[%emt 0:14:24]} Nb6 {[%emt 0:02:43]} 13. Qe2 {[%emt 0:00:23]} Qd4 {[%emt 0:01:35]} 14. Rd1 {[%emt 0:22:12]} Qc4 {[%emt 0:02:24]} 15. Qe1 {[%emt 0:00:23]} Nd5 {[%emt 0:07:52]} 16. Bd2 $11 {[%emt 0:14:05]} h6 {[%emt 0:08:11]} 17. b3 {[%emt 0:05:04]} Qa6 {[%emt 0:03:09]} 18. Nxd5 {[%emt 0:01:39]} cxd5 {[%emt 0:07:15]} 19. Bc3 {[%emt 0:07:54]} Qd6 {[%emt 0:09:36]} 20. f4 {[%emt 0:01:41]} hxg5 {[%emt 0:02:27]} 21. fxe5 {[%emt 0:00:21]} Qc5+ {[%emt 0:00:37]} 22. Bd4 {[%emt 0:00:49]} Qxc2 {[%emt 0:03:56]} 23. Rd2 {[%emt 0:00:07]} Qc7 {[%emt 0:02:20]} 24. Rc1 {[%emt 0:01:42]} Qa5 {[%emt 0:01:31]} 25. Qe3 {[%emt 0:00:31]} Bd7 {[%emt 0:02:41]} 26. Bc3 {[%emt 0:03:20]} Qa6 {[%emt 0:05:38]} 27. Qxg5 {[%emt 0:00:11]} Rac8 {[%emt 0:03:34]} 28. Rcc2 {[%emt 0:01:36]} Qb6+ {[%emt 0:03:47]} 29. Bd4 {[%emt 0:01:22]} Qb4 {[%emt 0:02:05]} 30. Qe3 {[%emt 0:00:06]} Rxc2 {[%emt 0:02:56]} 31. Rxc2 {[%emt 0:00:01]} Kh7 {[%emt 0:02:10]} 32. Bc5 {[%emt 0:01:59]} Qa5 {[%emt 0:00:14]} 33. g4 Qc7 {[%emt 0:02:34]} 34. Re2 {[%emt 0:00:59]} Bh6 {[%emt 0:01:42]} 35. g5 {[%emt 0:00:38]} Bxg5 {[%emt 0:00:32]} 36. Qxg5 {[%emt 0:00:15]} Qxc5+ {[%emt 0:00:02]} 37. Kh1 {[%emt 0:00:48]} Kg7 {[%emt 0:01:52]} 38. h4 {[%emt 0:00:31]} Rf5 {[%emt 0:00:38]} 39. Qg3 {[%emt 0:00:37]} Bb5 {[%emt 0:05:26]} 40. Re3 {[%emt 0:00:00]} Qc1+ {[%emt 0:00:00]} 41. Kh2 {[%emt 0:01:55]} Qd2 {[%emt 0:03:27]} 42. Rf3 {[%emt 0:01:26]} Rxf3 {[%emt 0:01:29]} 43. Qxf3 {[%emt 0:00:07]} Bd3 {[%emt 0:00:45]} 44. h5 {[%emt 0:02:04]} Be4 {[%emt 0:00:29]} 0-1

[Event "EYCC Open U14 2018"]
[Site "Riga"]
[Date "2018.08.22"]
[Round "3"]
[White "Risteski, Emil"]
[Black "Tadic, Stefan"]
[Result "1/2-1/2"]
[WhiteElo "2081"]
[BlackElo "2240"]
[Annotator "NA"]
[PlyCount "69"]
[EventDate "2018.08.20"]
[EventType "swiss"]
[EventCountry "LAT"]
[SourceTitle "playchess.com"]
[Source "ChessBase"]
[SourceQuality "1"]
[TimeControl "40/5400+30:1800+30"]

1. e4 {[%emt 0:00:00]} Nf6 {[%emt 0:00:07]} 2. e5 {[%emt 0:01:24]} Nd5 {[%emt 0:00:11]} 3. d4 {[%emt 0:00:13]} d6 {[%emt 0:00:36]} 4. Bc4 {[%emt 0:03:28]} Nb6 {[%emt 0:01:38]} 5. Bb3 {[%emt 0:00:10]} Nc6 {[%emt 0:08:52]} 6. exd6 {[%emt 0:14:55]} exd6 {[%emt 0:03:13]} 7. c3 {[%emt 0:03:42]} Bf5 {[%emt 0:03:48]} 8. Nf3 {[%emt 0:00:30]} Be7 {[%emt 0:02:00]} 9. O-O {[%emt 0:00:25]} O-O {[%emt 0:01:54]} 10. Bf4 {[%emt 0:06:13]} Bf6 $11 {[%emt 0:07:15]} 11. Nbd2 {[%emt 0:02:18]} Qd7 {[%emt 0:04:55]} 12. Re1 {[%emt 0:05:17]} Rfe8 {[%emt 0:03:29]} 13. Bg5 {[%emt 0:09:52]} Rxe1+ {[%emt 0:03:42]} 14. Qxe1 {[%emt 0:00:05]} Re8 {[%emt 0:00:28]} 15. Qf1 {[%emt 0:00:58]} Bxg5 {[%emt 0:10:14]} 16. Nxg5 {[%emt 0:00:07]} Bg6 {[%emt 0:04:10]} 17. Re1 {[%emt 0:01:53]} Kf8 {[%emt 0:11:02]} 18. Ngf3 {[%emt 0:02:54]} a6 {[%emt 0:08:59]} 19. Nh4 {[%emt 0:06:39]} Na5 {[%emt 0:06:02]} 20. Nxg6+ {[%emt 0:02:10]} hxg6 {[%emt 0:00:09]} 21. g3 {[%emt 0:06:51]} Na4 {[%emt 0:04:19]} 22. Bxa4 {[%emt 0:09:14]} Qxa4 {[%emt 0:00:06]} 23. Rxe8+ {[%emt 0:00:39]} Kxe8 {[%emt 0:00:28]} 24. Qb1 {[%emt 0:04:42]} Kd7 {[%emt 0:05:46]} 25. b3 {[%emt 0:02:16]} Qb5 {[%emt 0:00:36]} 26. c4 {[%emt 0:00:54]} Qg5 {[%emt 0:01:47]} 27. Nf3 {[%emt 0:02:32]} Qf6 {[%emt 0:01:02]} 28. Qd3 {[%emt 0:01:01]} Nc6 {[%emt 0:00:17]} 29. a3 {[%emt 0:01:09]} Ne7 {[%emt 0:00:55]} 30. Kg2 {[%emt 0:02:25]} Nf5 {[%emt 0:01:43]} 31. h4 {[%emt 0:02:29]} c6 {[%emt 0:01:50]} 32. b4 {[%emt 0:00:23]} Kc7 {[%emt 0:00:50]} 33. a4 Nh6 34. Ng5 Ng4 35. Qf3 1/2-1/2

[Event "EYCC Open U14 2018"]
[Site "Riga"]
[Date "2018.08.23"]
[Round "4"]
[White "Tsoi, Dmitry"]
[Black "Pogosyan, Stefan"]
[Result "1-0"]
[WhiteElo "2393"]
[BlackElo "2331"]
[Annotator "TA"]
[PlyCount "119"]
[EventDate "2018.08.20"]
[EventType "swiss"]
[EventCountry "LAT"]
[SourceTitle "playchess.com"]
[Source "ChessBase"]
[SourceQuality "1"]

{[%evp 19,119,-6,0,-31,-21,-34,-35,-41,-39,-77,-62,-72,-27,-21,-26,-12,0,0,16,24,31,40,50,40,54,50,40,58,41,43,56,48,56,14,14,14,37,58,52,16,23,24,27,22,32,33,34,34,29,27,26,28,75,16,83,83,87,87,83,83,83,83,83,119,138,119,160,160,239,254,254,232,240,232,226,0,201,196,200,187,216,210,255,143,143,136,143,143,135,129,635,609,609,599,29966,29967,29968,29969,6129,1410,29971,29972]} 1. c4 e5 2. Nc3 Nf6 3. g3 d5 4. cxd5 Nxd5 5. Bg2 Nb6 6. d3 Be7 7. Nf3 Nc6 8. O-O O-O 9. Be3 Be6 10. Qd2 f6 {LiveBook: 7 Games. A29: English Opening: Four Knights Variation with 4 g3} (10... Nd5 11. Rfc1 Qd7 12. Ne4 Nxe3 13. Qxe3 f6 14. Nc5 Bxc5 15. Qxc5 Rfd8 16. b4 a6 17. a4 Bd5 18. Rab1 Bxf3 19. Bxf3 {1-0 (38) Melkumyan,H (2632)-Urkedal,F (2505) Reykjavik 2015}) 11. Rfd1 Nd4 12. Rdc1 $146 ({Predecessor:} 12. Rac1 Bb4 13. Ne1 Bxa2 14. Bxb7 Rb8 15. Bxd4 exd4 {0-1 (40) Zitny,M (1566)-Filip,T (1590) Kouty nad Desnou 2014}) 12... c5 {Black is slightly better.} 13. Ne4 Rc8 14. Bxd4 cxd4 15. Qa5 a6 16. Nfd2 Nd5 17. Nb3 Qxa5 18. Nxa5 f5 19. Nd2 Rxc1+ 20. Rxc1 Bg5 21. Rc5 Bxd2 22. Bxd5 Bxd5 23. Rxd5 Bxa5 $1 24. Rxa5 $14 {[%mdl 4096] Endgame KR-KR} Re8 25. Kf1 Re6 26. f4 exf4 27. gxf4 Rb6 28. Rxf5 Rxb2 29. Rd5 Rxa2 30. Rd8+ Kf7 31. Rd7+ Ke6 32. Rxb7 Ra1+ 33. Kf2 Rh1 34. Kg2 ({Much less strong is} 34. Rxg7 Rxh2+ 35. Kf3 Rh5 $16) 34... Re1 35. Kf3 g6 36. Rb4 ({White should try} 36. Ra7 $16) 36... Kd5 (36... Rf1+ $1 $11 {keeps the balance.} 37. Ke4 Rf2) 37. Ra4 $1 $16 Rf1+ 38. Kg3 Rg1+ 39. Kf2 Rh1 40. Kg2 ({Of course not} 40. Rxa6 $6 Rxh2+ 41. Kf3 Rh3+ 42. Kf2 Rh2+ 43. Kf3 Rh3+ 44. Kf2 Rh2+ $11) 40... Re1 41. Ra5+ $1 Kc6 42. Rxa6+ Kb5 43. Re6 Kb4 (43... Kc5 $16 44. h4 Kd5 45. Re5+ Kd6) 44. Kf2 $18 Rh1 45. Rc6 $1 Rxh2+ 46. Kf3 Rh3+ 47. Kf2 Rh2+ {[#]} 48. Kf1 $1 Rh4 49. Rc4+ Kb3 50. Rxd4 g5 51. Rc4 ({Better is} 51. Kg2 $18) 51... gxf4 $16 52. Kf2 h5 53. Re4 Kc3 54. Kf3 Kd2 $2 {[%mdl 8192] [#]} (54... Rg4 $16 55. Rxf4 Rg8) 55. d4 $1 $18 {[%cal Bd3d4,Bd4d5,Bd5d6][%mdl 32]} Kc3 56. d5 Rh1 57. Kxf4 h4 58. Ke5 h3 59. Rh4 (59. d6 $142 Re1 60. d7) 59... h2 60. d6 {Precision: White = 72%, Black = 49%.} 1-0

[Event "EYCC Open U14 2018"]
[Site "Riga"]
[Date "2018.08.23"]
[Round "4"]
[White "Morgunov, Marc"]
[Black "Trifan, Andrei Ioan"]
[Result "1-0"]
[WhiteElo "2373"]
[BlackElo "2308"]
[Annotator "TA"]
[PlyCount "89"]
[EventDate "2018.08.20"]
[EventType "swiss"]
[EventCountry "LAT"]
[SourceTitle "playchess.com"]
[Source "ChessBase"]
[SourceQuality "1"]

{[%evp 33,89,33,35,23,77,60,76,62,79,70,74,83,87,77,61,68,71,72,91,76,103,98,99,116,129,110,260,267,283,280,266,272,322,323,362,364,419,400,500,485,491,475,740,764,1255,1233,5235,5189,1538,1476,29984,6283,2314,2002,29977,29978,29992,29993]} 1. e4 e5 2. Nf3 Nc6 3. Bb5 {[%cal Bf1b5,Bb5a4,Ba4b3][%mdl 32]} a6 4. Ba4 Nf6 5. O-O Be7 6. Re1 b5 7. Bb3 d6 8. c3 O-O 9. h3 Nb8 10. d4 Nbd7 11. Nbd2 Bb7 12. Bc2 Re8 13. Nf1 Bf8 14. Ng3 g6 15. a4 exd4 {C95: Closed Ruy Lopez: Breyer Variation with 10 d4} 16. cxd4 c5 17. d5 Bg7 {LiveBook: 3 Games. White is slightly better.} 18. Bf4 Qb6 (18... Nb6 $11 {remains equal.}) 19. b3 {[%cal Bb2b3,Bb3b4][%mdl 32] [#]} Rac8 $146 ({Predecessor:} 19... Nf8 20. Qd2 N6d7 21. Rac1 Rad8 22. Bd3 Ne5 23. Nxe5 Bxe5 24. Bxe5 Rxe5 {1-0 (50) Kasimdzhanov,R (2680)-Stevic,H (2550) Jahorina 2003}) 20. Rb1 h6 21. Qd2 Kh7 22. Bd3 Ng8 23. axb5 axb5 24. b4 {aiming for bxc5.} c4 25. Be3 Qd8 26. Bc2 $1 Ne5 27. Nd4 Qd7 28. Qe2 Ne7 29. Ra1 Nxd5 (29... Bxd5 $16 {keeps fighting.} 30. exd5 Nxd5) 30. exd5 $18 Nd3 31. Bxd3 Bxd4 32. Bc2 ({Don't do} 32. Bxd4 $6 Rxe2 33. Bxe2 Bxd5 $18) 32... Bxa1 33. Rxa1 f5 34. Qf3 (34. Ra7 Ra8 $18) 34... Qg7 35. Ra5 Rf8 36. Rxb5 Rc7 37. Qf4 Rcf7 (37... Rd7 $142 38. Ra5 (38. Qxc4 Ba6 $16) 38... Re7 39. Qxd6 Qe5 40. Qxe5 Rxe5) 38. Bd4 Qg8 39. Rb6 Rd7 {[#]} 40. Nxf5 $1 Rxf5 41. Bxf5 Qxd5 {[#]} 42. Rxb7 (42. Bxg6+ $142 $1 Kg8 (42... Kxg6 43. Qf6+) 43. Qg4 Re7 {[#]} 44. Rxb7 $1 {[%mdl 512]} Qxb7 45. Be4+ Kf8 46. Bxb7 Rxb7 47. Qc8+ Kf7 48. Qxb7+ Ke6 49. b5) 42... Rxb7 43. Be4 Qf7 44. Qxd6 Rb5 45. Qd8 {Precision: White = 76%, Black = 33%.} 1-0

[Event "EYCC Open U14 2018"]
[Site "Riga"]
[Date "2018.08.23"]
[Round "4"]
[White "Kacharava, Nikolozi"]
[Black "Malinovsky, Rostyslav"]
[Result "1-0"]
[WhiteElo "2361"]
[BlackElo "1979"]
[Annotator "TA"]
[PlyCount "105"]
[EventDate "2018.08.20"]
[EventType "swiss"]
[EventCountry "LAT"]
[SourceTitle "playchess.com"]
[Source "ChessBase"]
[SourceQuality "1"]

{[%evp 28,105,13,22,22,22,24,18,21,6,24,12,22,9,11,9,14,22,106,105,104,106,106,104,102,96,141,133,128,124,211,211,207,211,208,202,208,147,156,156,147,149,192,75,218,164,437,181,344,344,338,360,327,282,180,192,371,295,523,1114,800,977,689,641,1205,1152,787,591,1915,1878,5118,5208,1948,1846,29974,29974,29974,29974,29984,29984]} 1. e4 e5 2. Nf3 Nf6 3. Nxe5 d6 4. Nf3 Nxe4 5. d4 d5 6. Bd3 Bd6 7. O-O O-O 8. c4 c6 9. Nc3 Nxc3 10. bxc3 dxc4 11. Bxc4 Bf5 12. Bg5 {C42: Petroff Defence: 3 Nxe5 and unusual White 3rd moves} (12. Ng5 h6 13. Qf3 Bg6 14. Ne4 Bxh2+ 15. Kxh2 Qh4+ 16. Qh3 Qxh3+ 17. gxh3 Bxe4 18. Rg1 Re8 19. Bxh6 g6 {½-½ (40) Vachier Lagrave,M (2789)-Caruana,F (2822) Stavanger 2018}) 12... Qa5 13. Nh4 Be6 14. Bxe6 Qxg5 15. Nf3 {LiveBook: 4 Games} Qa5 {[#]} 16. Qb3 $146 ({Predecessor:} 16. Bb3 Nd7 17. Qd3 Nf6 18. g3 g6 19. Rae1 Rae8 {½-½ (27) Cornette,M (2600)-Tregubov,P (2578) Brest 2018}) 16... Qc7 17. Bc4 Nd7 18. a4 b6 19. g3 Rae8 20. Rfe1 Nf6 21. Ng5 $36 {[%mdl 2048] White is more active.} Rxe1+ 22. Rxe1 h6 (22... c5 $11 {keeps the balance.}) 23. Nxf7 $1 $16 Rxf7 24. Bxf7+ Qxf7 25. Qe6 Qxe6 26. Rxe6 Bb8 27. Rxc6 Kf7 28. Rc8 Nd7 (28... Bd6 $16 29. c4 Ke6) 29. Kg2 $18 Bd6 30. Kf3 Ke6 31. Ke3 Nf6 32. c4 Kd7 33. Ra8 a5 34. f4 {[%cal Bf2f4,Bf4f5][%mdl 32]} Ke6 35. h4 (35. Kf3 $18 {has better winning chances.}) 35... h5 (35... Kd7 $16 {was called for.}) 36. Ra7 $1 Ne8 $2 (36... Be7 37. Ra6 Bd8) 37. Ke4 (37. Ra6 $142) 37... Nf6+ $2 (37... Bc7 {was worth a try.} 38. c5 bxc5) 38. Kf3 Nd7 39. f5+ Ke7 40. Ke4 {Kd5 is the strong threat.} Bb8 41. Rb7 {And now Kd5 would win.} Kd6 $2 {[#]} (41... Kd8) 42. Kf4 $1 Kc6+ $2 (42... Ke7+ {keeps fighting.} 43. Kg5 Kd8) 43. Rxb8 $1 Nxb8 {[%mdl 4096] Endgame KN-KP} 44. Kg5 Kd6 45. Kxh5 Nc6 {[#]} 46. Kg6 $1 Nxd4 47. g4 Kc5 48. Kxg7 Kxc4 49. h5 b5 50. h6 bxa4 51. h7 {White mates.} a3 52. h8=Q a2 53. Qg8+ {Precision: White = 71%, Black = 31%.} 1-0

[Event "EYCC Open U14 2018"]
[Site "Riga"]
[Date "2018.08.23"]
[Round "4"]
[White "Suleymanli, Aydin Elshan"]
[Black "Risteski, Emil"]
[Result "1/2-1/2"]
[WhiteElo "2323"]
[BlackElo "2081"]
[Annotator "TA"]
[PlyCount "63"]
[EventDate "2018.08.20"]
[EventType "swiss"]
[EventCountry "LAT"]
[SourceTitle "playchess.com"]
[Source "ChessBase"]
[SourceQuality "1"]

{[%evp 26,63,30,27,35,9,10,9,44,24,104,96,110,97,153,169,154,129,174,148,161,165,165,166,130,102,120,107,158,33,45,8,58,9,8,13,12,0,19,-52]} 1. d4 Nf6 2. c4 e6 3. Nc3 d5 4. Bg5 Be7 5. cxd5 exd5 6. e3 O-O 7. Bd3 c6 8. Qc2 Nbd7 9. Nge2 Re8 10. O-O Nf8 11. f3 Be6 12. Rad1 Rc8 13. Kh1 {D36: Damengambit (Abtauschvariante)} N6d7 (13... a6 14. a3 b5 15. Nf4 h6 16. Bh4 N6d7 17. Bxe7 Rxe7 18. Qf2 Nb6 19. Nce2 Nc4 20. Ng3 g6 {1-0 (33) Rodshtein,M (2687)-Dervishi,E (2564) Baku 2016}) 14. Bf4 {LiveBook: 3 Partien} b5 15. a3 {[#] Weiß steht etwas besser.} Nb6 $146 ({Vorgänger:} 15... a6 16. Qd2 Nb6 17. e4 Nc4 18. Qc1 Qb6 19. Bc2 Red8 20. e5 c5 {0-1 (51) Williams,L (2288)-Dervishi,E (2513) Bled 2002}) 16. e4 a6 17. e5 Nc4 (17... Bd7 $11 {bleibt in der Remisbreite.}) 18. Bc1 $1 $16 c5 19. f4 Bg4 (19... cxd4 $142 20. Nxd4 g6) 20. dxc5 Rxc5 {[#]} 21. Be4 $1 {[%mdl 512]} Nxa3 (21... dxe4 22. Rxd8) 22. bxa3 {[%cal Re4d5]} Bxe2 23. Qxe2 Rxc3 {[#]} 24. Bb2 $1 {[%cal Rb2c3]} ({Bloß nicht} 24. Rxd5 $6 Qc7 $14) ({Auf keinen Fall} 24. Bxd5 $6 Rxc1 25. Bxf7+ Kxf7 $11) 24... Rc5 25. Bb1 {[%mdl 1024] Weiss hat starke Kompensation.} Rc6 26. Ba2 Qc7 {[#]} ({Lieber} 26... Qc8) 27. Qf3 ({Keinesfalls} 27. Bxd5 $6 Rc2 $16) ({Besser ist} 27. Bb3 $1 $16) 27... Rc2 $14 28. Rc1 Rc8 29. Qxd5 Ne6 {[%cal Rc2c1] Die Stellung ist ausgeglichen.} 30. h3 {Droht stark f5.} Qd8 31. Qxd8+ Nxd8 32. Bd5 {Precision: Weiß = 60%, Schwarz = 55%.} (32. Bb1 $11 R2c4 33. Rcd1) 1/2-1/2

[Event "EYCC Open U14 2018"]
[Site "Riga"]
[Date "2018.08.23"]
[Round "4"]
[White "Tadic, Stefan"]
[Black "Munshi, Aditya"]
[Result "1-0"]
[WhiteElo "2240"]
[BlackElo "2018"]
[Annotator "NA RC"]
[PlyCount "73"]
[EventDate "2018.08.20"]
[EventType "swiss"]
[EventCountry "LAT"]
[SourceTitle "playchess.com"]
[Source "ChessBase"]
[SourceQuality "1"]
[TimeControl "40/5400+30:1800+30"]

1. e4 {[%emt 0:00:00]} c6 {[%emt 0:00:00]} 2. c4 {[%emt 0:00:48]} d5 {[%emt 0:00:07]} 3. exd5 {[%emt 0:00:42]} cxd5 {[%emt 0:00:07]} 4. cxd5 {[%emt 0:00:41]} Nf6 {[%emt 0:00:34]} 5. Bb5+ {[%emt 0:01:02]} Nbd7 {[%emt 0:03:48]} 6. Nc3 {[%emt 0:01:31]} g6 {[%emt 0:01:32]} 7. Nf3 {[%emt 0:02:06]} Bg7 {[%emt 0:01:09]} 8. d6 {[%emt 0:06:23] LiveBook: 14 Games} e6 {[%emt 0:13:07]} 9. d4 {[%emt 0:05:01]} O-O {[%emt 0:04:21]} 10. O-O {[%emt 0:05:23]} a6 {[%emt 0:12:37]} 11. Be2 {[%emt 0:05:42]} Nb6 {[%emt 0:16:56]} 12. Bf4 {[%emt 0:08:27]} Nh5 {[%emt 0:06:12]} 13. Qd2 {[%emt 0:12:19]} Nxf4 $14 {[%emt 0:10:16]} 14. Qxf4 {[%emt 0:00:05]} Nd5 {[%emt 0:00:54]} 15. Nxd5 {[%emt 0:17:07]} exd5 {[%emt 0:00:00]} 16. Rac1 {[%emt 0:00:09]} Qb6 {[%emt 0:02:17]} 17. b3 {[%emt 0:12:38]} Be6 {[%emt 0:02:52]} 18. Rc7 {[%emt 0:00:48]} Rfd8 {[%emt 0:12:47]} 19. Ng5 {[%emt 0:01:50]} Bh6 {[%emt 0:02:54]} 20. h4 {[%emt 0:00:20]} Rxd6 {[%emt 0:05:19]} 21. Rxb7 {[%emt 0:01:03]} Qxb7 {[%emt 0:00:40]} 22. Qxd6 {[%emt 0:00:01]} Bxg5 {[%emt 0:00:50]} 23. hxg5 {[%emt 0:00:02]} Qa7 {[%emt 0:00:40]} 24. Rd1 {[%emt 0:01:06]} a5 {[%emt 0:00:50]} 25. Bf3 {[%emt 0:00:02]} Qb7 {[%emt 0:00:50]} 26. Rc1 {[%emt 0:00:01]} Rc8 {[%emt 0:00:38]} 27. Rc5 {[%emt 0:01:08]} Re8 {[%emt 0:00:42]} 28. Rxa5 {[%emt 0:02:13]} Bf5 {[%emt 0:00:28]} 29. Bxd5 {[%emt 0:00:38]} Qc8 {[%emt 0:00:32]} 30. Rc5 {[%emt 0:00:58]} Re1+ {[%emt 0:00:26]} 31. Kh2 {[%emt 0:00:01]} Qe8 {[%emt 0:00:26]} 32. Rc7 {[%emt 0:00:57]} Be6 {[%emt 0:00:27]} 33. Re7 {[%emt 0:00:21]} Qf8 {[%emt 0:00:41]} 34. Bxe6 {[%emt 0:00:42]} fxe6 {[%emt 0:00:29]} 35. Rxe6 {[%emt 0:00:40]} Qxf2 {[%emt 0:00:31]} 36. Qd8+ {[%emt 0:00:12]} Kg7 {[%emt 0:00:30]} 37. Qf6+ {[%emt 0:00:07]} 1-0

[Event "EYCC Open U14 2018"]
[Site "Riga"]
[Date "2018.08.23"]
[Round "4"]
[White "Czopor, Maciej"]
[Black "Bjerre, Jonas Buhl"]
[Result "0-1"]
[WhiteElo "2220"]
[BlackElo "2423"]
[Annotator "TA"]
[PlyCount "104"]
[EventDate "2018.08.20"]
[EventType "swiss"]
[EventCountry "LAT"]
[SourceTitle "playchess.com"]
[Source "ChessBase"]
[SourceQuality "1"]

{[%evp 25,104,0,0,0,0,0,0,0,16,0,7,-33,8,-6,-16,-16,0,-14,22,28,46,-11,-12,-12,-12,-26,-40,-37,-38,-51,-28,-71,-71,-72,-73,-73,-77,-70,-75,-66,0,0,0,-58,0,-209,-215,-214,-71,-914,-892,-1410,-1390,-1376,-1291,-1572,-1519,-1464,-1399,-1790,-1606,-2987,-3918,-12839,-9353,-12842,-12843,-12843,-12842,-12843,-12843,-12845,-12844,-12846,-12846,-12846,-12847,-12847,-12847,-12846,-12847]} 1. e4 c5 2. Nf3 d6 3. d4 cxd4 4. Nxd4 Nf6 5. Nc3 a6 6. Be3 e5 7. Nb3 Be6 8. f3 h5 9. Nd5 {B90: Sicilian Najdorf: Unusual White 6th moves, 6 Be3 Ng4 and 6 Be3 e5} Bxd5 10. exd5 Nbd7 11. Qd2 g6 12. O-O-O (12. Be2 Bg7 13. O-O a5 14. a4 O-O 15. Bb5 Qc7 16. c4 b6 17. h3 Nc5 18. Nxc5 bxc5 {½-½ (49) Carlsen,M (2842)-Vachier Lagrave,M (2779) Biel 2018}) 12... Nb6 13. Qa5 Bh6 {LiveBook: 8 Games} 14. Bxh6 Rxh6 15. Kb1 Kf8 16. c4 Kg7 17. Be2 $146 ({Predecessor:} 17. g3 Rh8 {½-½ (40) Eiben,P (2480)-Avotins,M (2456) ICCF email 2016}) 17... Rh8 18. Rc1 Rc8 19. Qd2 Nbd7 20. Na5 Qc7 21. h4 b6 22. Nc6 Nb8 23. Nxb8 (23. Nb4 $1 $14) 23... Rxb8 $11 24. g4 Qc5 25. g5 Nd7 26. Bd3 Qd4 27. Qe2 Rhc8 28. Be4 b5 {[%cal Rb5c4]} 29. Rhd1 Qa7 30. cxb5 Rxc1+ 31. Rxc1 Rxb5 32. a3 Qd4 ({Black should play} 32... Rb7 $15) 33. Rc2 Nb6 34. Rd2 (34. Qd3 $11) 34... Qa4 (34... Qg1+ $15 35. Ka2 Qh1) 35. Kc1 $2 (35. Rc2 $1 $11 {and White has nothing to worry.}) 35... Qb3 $19 36. Qd3 Rc5+ (36... Qa2 $19 37. b4 Qa1+ 38. Kc2 Na4) 37. Kb1 $2 {[%mdl 8192] [#]} (37. Rc2 $17 Qxd3 38. Bxd3 Rxc2+ 39. Kxc2) 37... Nc4 $1 {[%mdl 512] ( -> ...Nxa3+). Black is clearly winning.} 38. Qxb3 Nxd2+ 39. Ka2 Nxb3 40. Kxb3 {[%mdl 4096] Endgame KR-KB} f6 41. gxf6+ Kxf6 42. Ka4 g5 43. hxg5+ Kxg5 44. b4 Rc3 45. Ka5 Rxa3+ 46. Kb6 Kf4 47. Kc6 h4 48. Kxd6 h3 49. Ke7 h2 50. d6 h1=Q 51. d7 Qh4+ 52. Ke8 Rxf3 {Precision: White = 33%, Black = 54%.} 0-1